Manual del desinfectador. Por Augusto Ubilla C., Administrador del Desinfectorio Público Municipal de Valparaíso

Kaydedildi:
Detaylı Bibliyografya
Yazar: Ubilla C., Augusto (Yazar)
Materyal Türü: Kitap
Dil:İspanyolca
Baskı/Yayın Bilgisi: Valparaíso Mauricio Kegan y Cía Ltda. 1938
Edisyon:1a. ed
Konular:
Etiketler: Etiketle
Etiket eklenmemiş, İlk siz ekleyin!

MARC

LEADER 00000nam a2200000 a 4500
001 UCJ6435
003 CL-VaPUC
008 070124e19380000CL |||||||||||||||||spa|d
082 0 4 |a 613  |b UBI  |2 21 
100 0 |a Ubilla C., Augusto  |e author  |9 513075 
245 1 0 |a Manual del desinfectador. Por Augusto Ubilla C., Administrador del Desinfectorio Público Municipal de Valparaíso 
250 |a 1a. ed 
300 |a 300 p 
942 |c BK 
945 |d 20070124 00:00:00  |a rinostro 
260 |a Valparaíso  |b Mauricio Kegan y Cía Ltda.  |c 1938 
500 |a Dedicatoria autógrafa del autor para Don Eduardo. Advierte errata 
600 0 7 |a BUDGE BARNARD, EDUARDO B  |2 CL-VaPUC  |9 505135 
650 7 |a HIGIENE PUBLICA  |2 CL-VaPUC  |9 513076 
650 7 |a SALUBRIDAD  |2 CL-VaPUC  |9 459475 
650 7 |a DESINFECTANTES  |2 CL-VaPUC  |9 418795 
650 0 |a Control de plagas  |9 327373 
650 0 |a Plaguicidas  |9 259645 
583 |a last modification  |c 20070124 00:00:00  |k Rodrigo Vera 
999 |c 322538  |d 322536 
952 |0 0  |1 0  |4 0  |6 613_000000000000000_UBI_1938  |7 0  |8 X  |9 401548  |a FDOBUD  |b FDOBUD  |d 2019-11-22  |i 1047957  |o 613 UBI 1938  |p 1047957  |r 2019-11-22  |w 2019-11-22  |y BK_X  |k BUD